Szczegóły MARC21

Zmiany w polskich przedsiębiorstwach : własność, restrukturyzacja, efektywność /

003 -Nazwa inst., której nr kontr. jest w polu 001 [,]
    • @
    • Nazwa instytucji, której n kontrolny jest w polu 001
    • NUKAT
005 -DATA I CZAS OSTATNIEJ MODYFIKACJI [,]
    • @
    • pole kontrolne
    • 20241231101754.0
020 -Międzynarod. znormalizowany nr książki - ISBN [ , ]
    • a
    • Numer ISBN
    • 9788371784279 Find
040 -Instytucja sporządzająca opis [ , ]
    • a
    • Instytucja, która sporządziła opis (NP)
    • WA M/HB
    • c
    • Instytucja, która sporządziła rekord (NP)
    • WA M/HB
    • d
    • Instytucja, która zmodyfikowała rekord (P)
    • WA M/IW
    • d
    • Instytucja, która zmodyfikowała rekord (P)
    • WA U/JKs
942 -Rodzaj dokumentu [ , ]
    • c
    • Rodzaj dokumentu
    • Książka
245 -Strefa tytułu i oznaczenia odpowiedzialności [0,0]
    • a
    • Tytuł
    • Zmiany w polskich przedsiębiorstwach : Find
    • b
    • Ciąg dalszy tytułu (NP)
    • własność, restrukturyzacja, efektywność / Find
    • c
    • Pozostałe elementy strefy tytułu i oznaczenia odpowiedzialności (NP)
    • Barbara Błaszczyk, Piotr Kozarzewski (red.) ; [aut.] Małgorzata Antczak [et al.].
260 -Strefa adresu wydawniczego [ , ]
    • a
    • Miejsce wydania (P)
    • Warszawa :
    • b
    • Nazwa wydawcy (P)
    • CASE - Centrum Analiz Społeczno-Ekonomicznych,
    • c
    • Data wydania (P)
    • 2007.
300 -Strefa opisu fizycznego [ , ]
    • a
    • Określenie formy książki i/lub objętość (NP)
    • 315 s. :
    • b
    • Oznaczenie ilustracji (NP)
    • il. ;
    • c
    • Format (NP)
    • 24 cm.
336 -Typ zawartości [ , ]
    • a
    • Termin opisujący typ zawartości
    • Tekst
    • b
    • Kod określający zawartość
    • txt
    • 2
    • Źródło (terminu i kodu)
    • rdacontent
337 -Typ mediów [ , ]
    • a
    • Tryb odtwarzania
    • Bez urządzenia pośredniczącego
    • b
    • Kod typu mediów
    • n
    • 2
    • Źródło (terminu i kodu)
    • rdamedia
338 -Typ/rodzaj nośnika [ , ]
    • a
    • Hasło opisujące typ nośnika
    • Wolumin
    • b
    • Kod typu nośnika
    • nc
    • 2
    • Źródło (terminu i kodu)
    • rdacarrier
490 -Strefa serii i książki wielotomowej - forma nie do wyszukiwania [1, ]
    • a
    • Tytuł (P)
    • Raporty CASE ; Find
    • v
    • Numeracja (P)
    • nr 70/2007
830 -Hasło dodatkowe serii i opisu książki wielotomowej - tytuł ujednolicony/tytuł [ ,0]
    • a
    • Tytuł ujednolicony/tytuł (NP)
    • Raporty CASE
    • x
    • ISSN
    • 1506-1647
    • v
    • Oznaczenie tomu (NP)
    • 70
    • 9
    • KHW
    • 20296
504 -Uwaga dot. bibliogr. załącznikowej [ , ]
    • a
    • Uwaga dot. bibliografii załącznikowej
    • Bibliogr. przy rozdz.
080 -Uniwersalna Klasyfikacja Dziesiętna [ , ]
    • 2
    • Identyfikator wydania tablic
    • UDC-P058
    • 9
    • UKD
    • 3219
    • a
    • Symbol klasyfikacji
    • 338.24.021.8
    • b
    • Dopowiedzenie
    • Reformy gospodarcze. Transformacja gospodarki. Restrukturyzacja gospodarki. Konwersja gospodarki
    • 4
    • UKD2
    • 7642
    • x
    • Poddział wspólny
    • (438)
    • c
    • Dopowiedzenie poddz. wspólnego
    • (Polska).
    • 4
    • UKD2
    • 7992
    • x
    • Poddział wspólny
    • "1989/..."
    • c
    • Dopowiedzenie poddz. wspólnego
    • Od 1989.
080 -Uniwersalna Klasyfikacja Dziesiętna [ , ]
    • 2
    • Identyfikator wydania tablic
    • UDC-P058
    • 9
    • UKD
    • 5601
    • a
    • Symbol klasyfikacji
    • 658.1/.5
    • b
    • Dopowiedzenie
    • Organizacja przedsiębiorstwa.
    • 4
    • UKD2
    • 7642
    • x
    • Poddział wspólny
    • (438)
    • c
    • Dopowiedzenie poddz. wspólnego
    • (Polska).
    • 4
    • UKD2
    • 7992
    • x
    • Poddział wspólny
    • "1989/..."
    • c
    • Dopowiedzenie poddz. wspólnego
    • Od 1989.
080 -Uniwersalna Klasyfikacja Dziesiętna [ , ]
    • 2
    • Identyfikator wydania tablic
    • UDC-P058
    • 9
    • UKD
    • 2202
    • a
    • Symbol klasyfikacji
    • 005.591.4
    • b
    • Dopowiedzenie
    • Zarządzanie. Reorganizacja. Restrukturyzacja. Podział. Transfery. Przejęcie. Substytucje.
    • 4
    • UKD2
    • 7642
    • x
    • Poddział wspólny
    • (438)
    • c
    • Dopowiedzenie poddz. wspólnego
    • (Polska).
    • 4
    • UKD2
    • 7992
    • x
    • Poddział wspólny
    • "1989/..."
    • c
    • Dopowiedzenie poddz. wspólnego
    • Od 1989.
080 -Uniwersalna Klasyfikacja Dziesiętna [ , ]
    • 2
    • Identyfikator wydania tablic
    • UDC-P058
    • 9
    • UKD
    • 3225
    • a
    • Symbol klasyfikacji
    • 338.246.025.28
    • b
    • Dopowiedzenie
    • Prywatyzacja. Reprywatyzacja.
    • 4
    • UKD2
    • 7642
    • x
    • Poddział wspólny
    • (438)
    • c
    • Dopowiedzenie poddz. wspólnego
    • (Polska).
    • 4
    • UKD2
    • 7992
    • x
    • Poddział wspólny
    • "1989/..."
    • c
    • Dopowiedzenie poddz. wspólnego
    • Od 1989.
650 -Hasło przedmiotowe [ ,7]
    • a
    • Hasło przedmiotowe
    • Przedsiębiorstwa
    • x
    • Określnik rzeczowy
    • reorganizacja
    • z
    • Określnik geograficzny
    • Polska
    • y
    • Określnik chronologiczny
    • 1990-.
    • 2
    • Źródło terminu
    • kaba
    • 9
    • KHW
    • 361114
980 -Symbol UKD [ , ]
    • a
    • UKD
    • 338.24.021.8:658.1/.5:005.591.4:338.246.025.28](438)"1989/..."
700 -Hasło dodatkowe - nazwa osobowa [1, ]
    • a
    • Nazwa osobowa (NP)
    • Błaszczyk, Barbara Find
    • d
    • Daty biograficzne (NP)
    • (1948- ).
    • e
    • Określenie rodzaju współpracy
    • Red.
    • 9
    • KHW
    • 48773
700 -Hasło dodatkowe - nazwa osobowa [1, ]
    • a
    • Nazwa osobowa (NP)
    • Kozarzewski, Piotr Find
    • d
    • Daty biograficzne (NP)
    • (1960- ).
    • e
    • Określenie rodzaju współpracy
    • Red.
    • 9
    • KHW
    • 48774
700 -Hasło dodatkowe - nazwa osobowa [1, ]
    • a
    • Nazwa osobowa (NP)
    • Antczak, Małgorzata. Find
    • 9
    • KHW
    • 10035
710 -Hasło dodatkowe - nazwa ciała zbiorowego [2, ]
    • a
    • Nazwa ciała zbiorowego lub nazwa geograficzna jako pierwszy element (NP)
    • Centrum Analiz Społeczno-Ekonomicznych Fundacja Naukowa CASE.
    • 4
    • Kod relacji
    • pbl
    • 9
    • KHW
    • 20297
920 -ISBN [ , ]
    • a
    • ISBN
    • 978-83-7178-427-9 Find
Lokalizacja Data inwentaryzacji Status udost. Numer inwentarzowy
BE2012-10-24-2E.74171